000 02365nam a2200337 4500
001 52
003 OSt
005 20250528074010.0
008 250122b |||||||e |||| 00| 1 eng d
040 _bpor
041 _hspa
_apor
082 _a863
_bB467c
100 1 _aBenítez, J. J.,
_d1946-
_9143
240 _aCaballo de Troya 3
245 _aOperação Cavalo de Troia:
_bKennereth /
_cBenitez, J. J. ; Tradução de Herminio Tricca
260 _aSão Paulo
_bMercuryo
_c1989
300 _a456 p.
490 1 _aCavalo de Troia
_vvol. 03
500 _aCavalo de Troia Sadan
520 _a"Cavalo de Tróia 3 : Kennereth" é a transcrição da terceira parte do diário do major da Força Aérea dos Estados Unidos a que J. J. Benítez teve acesso com exclusividade em 1980. Neste documento, o major relata sua volta no tempo e sua visita à Palestina de Jesus de Nazaré. A passagem transcrita neste volume apresenta novas aparições do Nazareno a seus discípulos, às margens do Tiberíades, em Saidan, com a minuciosa análise do "Corpo Glorioso", o misterioso corpo ressuscitado do rabi. O major entrevista Maria e descobre muitos detalhes desconhecidos sobre a assombrosa "vida oculta" do filho de Deus, em passagens surpreendentes que não foram nem mesmo mencionadas pelos evangelistas sobre a infância e a adolescência de Jesus, os chamados "anos ocultos". Trata-se de um período essencial para se compreender sua "vida pública", seus propósitos e, assim, fazer encaixar as peças de sua complexa, agitada e sempre fascinante etapa de predicação, ou seja, a singular passagem do Filho do Homem sobre à terra. Ao contrário dos demais jovens de Nazaré, em sua mente fervilhavam grandes ideias. Uma delas, sobretudo, continuava germinando obscura e silenciosamente: "Iluminar a humanidade. Falar aos homens sobre o Pai celestial". As dúvidas eram muitas no princípio… Quem era realmente? O que significava o Pai do céu para Ele? Qual era exatamente sua missão? O que lhe reservava o Destino?
650 0 _aLiteratura espanhola
_9144
650 0 _aFicção Científica
_963
650 0 _aViagem no tempo
_9145
650 0 _aAção
_964
650 0 _aReligião
_9100
655 0 _aRomance
_923
655 0 _aFicção
_922
700 _aHerminio Tricca
_eTradutor
_9146
830 _aCavalo de Troia
_vvol. 03
_9147
942 _2ddc
_n0
_cBK
999 _c52
_d52